000 00811nam a2200289 i 4500
001 16269
003 ES-MaACL
005 20250806034248.0
007 t|
008 000823s1993 sp ||||1| spa d
020 _a84-7509-853-3
080 _a930.1
080 _a316.736
080 _a17:32
100 1 _aTodorov, Tzvetan.
_9110413
245 1 4 _aLas morales de la historia /
_cTzvetan Todorov.
250 _a1ª ed.
260 _aBarcelona :
_bPaidós Ibérica,
_c1993.
300 _a278 p. ;
_c20 cm.
490 1 _aPaidós básica ;
_v60
650 4 _aHistoria-
_xFilosofía.
_913380
650 1 4 _aInteracción cultural.
_913868
650 7 _aÉtica política
_2embne
_9136540
830 0 _aPaidós básica ;
_v60
_9178397
852 _aES-MaACL
_jL-23484
_bR.128712
999 _c16269
_d16269